000
00275nam a2200121Ia 4500
008
190216s9999||||xx |||||||||||||| ||und||
100
_a
Sayers R S
245
0
_a
Modern Banking
260
_b
Oxford University Press
_c
1967
300
_a
342p
650
_a
Commerce
942
_c
BK
999
_c
5081
_d
5081